Reglamento del impuesto del alcoholes (Record no. 125877)

MARC details
000 -LEADER
campo de control de longitud fija 00619nam a2200169 4500
001 - NÚMERO DE CONTROL
campo de control 125877
003 - IDENTIFICADOR DE NÚMERO DE CONTROL
campo de control ES-MaACL
005 - FECHA Y HORA DE LA ÚLTIMA TRANSACCIÓN
campo de control 20230906192720.0
007 - CAMPO FIJO DE DESCRIPCIÓN FÍSICA--INFORMACIÓN GENERAL
campo de control de longitud fija t|
008 - DATOS DE LONGITUD FIJA--INFORMACIÓN GENERAL
campo de control de longitud fija 070214s1955 sp r ||||1| spa d
245 00 - MENCIÓN DEL TÍTULO
Título Reglamento del impuesto del alcoholes
Resto del título : aprobado por Decreto del Ministerio de Hacienda, fecha 22 de octubre de 1954.
260 ## - PUBLICACIÓN, DISTRIBUCIÓN, ETC.
Lugar de publicación, distribución, etc. Madrid :
Nombre del editor, distribuidor, etc. [s. n.],
Fecha de publicación, distribución, etc. 1955 (
Fabricante A. G. E. S. A.)
300 ## - DESCRIPCIÓN FÍSICA
Extensión 328 p. ;
Dimensiones 19 cm.
500 ## - NOTA GENERAL
Nota general Es publicación de: Revista de Alcoholes, Azúcares e Industrias Derivadas.
710 2# - ENTRADA AGREGADA--NOMBRE DE ENTIDAD CORPORATIVA
Nombre de entidad corporativa o nombre de jurisdicción como elemento de entrada España.
Unidad subordinada Ministerio de Hacienda.
9 (RLIN) 3874
852 ## - LOCALIZACIÓN
Ubicación ES-MaACL
Número de control de estantería C-10004
Sublocalización o colección R.37497
Holdings
Estatus retirado Estado de pérdida Estado de daño No para préstamo Biblioteca de origen Biblioteca actual Ubicación en estantería Fecha de adquisición Fuente de adquisición Total de préstamos Signatura topográfica completa Código de barras Visto por última vez Precio de reemplazo Tipo de ítem Koha
        Biblioteca del Ateneo de Madrid Biblioteca del Ateneo de Madrid Sala Palomar 17/01/2008     C-10004 1131123 23/02/2023 23/02/2023 Libro impreso